000 01318nam0a2200313 4500
001 RU\NLR\BIBL_A\010775698
005 20260409073437.0
010 _a978-5-7422-4585-8
_9100
021 _aRU
_b2015-30564
_91816
035 _a(NILC)RuMoRGB-007917083
035 _a(NLR Aleph) 010775698
090 _a10042158
_c10042158
100 _a20150604d2014 |||y0rusy50 ca
101 0 _aeng
102 _aRU
105 _aa j 000yy
200 1 _aITIL® and PRINCE® in practice
_estudy guide
_fMin. of education a. science of Russ. Federation, Saint-Petersburg state polytechn. univ.
_g[Igor V. Ilin et al.]
210 _aSt. Petersburg
_cPublishing of Polytechnic university
_d2014
215 _a127 с.
_cил., цв. ил.
_d20
320 _aБиблиогр.: с. 127
541 1 _aИтил и Принц на практике
606 _aЭкономика
_xМатематическое моделирование
_jУчебные издания для высших учебных заведений
_3RU\NLR\AUTH\661263085
_92086938
686 1 _aУ.в611я73
702 1 _4220
_7ba
_8rus
_aIl'in
_bI. V.
_cд-р экон. наук
_gIgor' Vasil'evič
_9148756
_3RU\NLR\AUTH\770148792
801 0 _aRU
_bРГБ
_c20150422
_gRCR
942 _cBOOK
980 _aNB